MARC details
| 000 -LEADER |
| fixed length control field |
02180cam a2200481 i 4500 |
| 001 - CONTROL NUMBER |
| control field |
data |
| 005 - DATE AND TIME OF LATEST TRANSACTION |
| control field |
20260322212107.0 |
| 006 - FIXED-LENGTH DATA ELEMENTS--ADDITIONAL MATERIAL CHARACTERISTICS |
| fixed length control field |
data |
| 007 - PHYSICAL DESCRIPTION FIXED FIELD--GENERAL INFORMATION |
| fixed length control field |
data |
| 008 - FIXED-LENGTH DATA ELEMENTS--GENERAL INFORMATION |
| fixed length control field |
data |
| 035 ## - SYSTEM CONTROL NUMBER |
| System control number |
22659386 |
| 010 ## - LIBRARY OF CONGRESS CONTROL NUMBER |
| LC control number |
2021687466 |
| 035 ## - SYSTEM CONTROL NUMBER |
| System control number |
(OCoLC)1350358114 |
| 040 ## - CATALOGING SOURCE |
| Original cataloging agency |
DLC |
| Language of cataloging |
eng |
| Description conventions |
pn |
| -- |
pn |
| Transcribing agency |
GPO |
| Modifying agency |
DLC |
| -- |
DLC |
| 042 ## - AUTHENTICATION CODE |
| Authentication code |
pcc |
| 074 ## - GPO ITEM NUMBER |
| GPO item number |
0818-J-06 (online) |
| 086 0# - GOVERNMENT DOCUMENT CLASSIFICATION NUMBER |
| Classification number |
LC 42.20:L 41/26 |
| 110 2# - MAIN ENTRY--CORPORATE NAME |
| Corporate name or jurisdiction name as entry element |
Law Library of Congress (U.S.). |
| Subordinate unit |
Directorate of Legal Research, |
| Relator term |
author. |
| 245 10 - TITLE STATEMENT |
| Title |
Law library forecast : |
| Remainder of title |
various legal/legislative issues in foreign jurisdictions for 2003 : (multinational study #2002-14026) / |
| Statement of responsibility, etc. |
Directorate of Legal Research. |
| 264 #1 - PRODUCTION, PUBLICATION, DISTRIBUTION, MANUFACTURE, AND COPYRIGHT NOTICE |
| Place of production, publication, distribution, manufacture |
[Washington, D.C.] : |
| Name of producer, publisher, distributor, manufacturer |
The Law Library of Congress, Global Legal Research Directorate, |
| Date of production, publication, distribution, manufacture, or copyright notice |
2003. |
| 300 ## - PHYSICAL DESCRIPTION |
| Extent |
1 online resource (59 pages) |
| 336 ## - CONTENT TYPE |
| Content type term |
text |
| Content type code |
txt |
| Source |
rdacontent |
| 337 ## - MEDIA TYPE |
| Media type term |
computer |
| Media type code |
c |
| Source |
rdamedia |
| 338 ## - CARRIER TYPE |
| Carrier type term |
online resource |
| Carrier type code |
cr |
| Source |
rdacarrier |
| 500 ## - GENERAL NOTE |
| General note |
"Argentina, Australia, Canada, Czech Republic, England and Wales, Egypt, France, Germany, Hong Kong, India, Iran, Ireland, Israel, Italy, Japan, Kenya, Mexico, Netherlands, People's Republic of China, Poland, Russian Federation, United Kingdom." |
| 500 ## - GENERAL NOTE |
| General note |
"January 2003." |
| 500 ## - GENERAL NOTE |
| General note |
"LL file no. 2002-14026." |
| 500 ## - GENERAL NOTE |
| General note |
"LRA-D-PUB-001601." |
| 500 ## - GENERAL NOTE |
| General note |
In scope of the U.S. Government Publishing Office Cataloging and Indexing Program (C&I) and Federal Depository Library Program (FDLP). |
| 504 ## - BIBLIOGRAPHY, ETC. NOTE |
| Bibliography, etc. note |
Includes bibliographical references. |
| 588 ## - SOURCE OF DESCRIPTION NOTE |
| Source of description note |
Description based on online resource; title from PDF title page (Law Library of Congress, viewed Nov. 4, 2022). |
| 650 #0 - SUBJECT ADDED ENTRY--TOPICAL TERM |
| Topical term or geographic name entry element |
Law. |
| 650 #0 - SUBJECT ADDED ENTRY--TOPICAL TERM |
| Topical term or geographic name entry element |
International law. |
| 650 #7 - SUBJECT ADDED ENTRY--TOPICAL TERM |
| Topical term or geographic name entry element |
International law. |
| Source of heading or term |
fast |
| Authority record control number or standard number |
(OCoLC)fst00976984 |
| 650 #7 - SUBJECT ADDED ENTRY--TOPICAL TERM |
| Topical term or geographic name entry element |
Law. |
| Source of heading or term |
fast |
| Authority record control number or standard number |
(OCoLC)fst00993678 |
| 710 2# - ADDED ENTRY--CORPORATE NAME |
| Corporate name or jurisdiction name as entry element |
Law Library of Congress (U.S.). |
| Subordinate unit |
Global Legal Research Directorate, |
| Relator term |
issuing body. |
| 856 40 - ELECTRONIC LOCATION AND ACCESS |
| Path |
llglrd |
| Electronic name |
2021687466 |
| Uniform Resource Identifier |
<a href="https://hdl.loc.gov/loc.law/llglrd.2021687466">https://hdl.loc.gov/loc.law/llglrd.2021687466</a> |
| 856 40 - ELECTRONIC LOCATION AND ACCESS |
| Uniform Resource Identifier |
<a href="https://purl.fdlp.gov/GPO/gpo186212">https://purl.fdlp.gov/GPO/gpo186212</a> |
| Access status |
0 |
| 906 ## - LOCAL DATA ELEMENT F, LDF (RLIN) |
| a |
0 |
| b |
ibc |
| c |
orignew |
| d |
1 |
| e |
ncip |
| f |
20 |
| g |
y-gencatlg |
| 985 ## - |
| -- |
llpub |
| 985 ## - |
| -- |
ll/glrd/dpub |
| -- |
batch11 |
| 991 ## - |
| -- |
Electronic Resource |